Normal view
MARC view
Entry Personal Name
001 - CONTROL NUMBER
- control field: 262471
003 - CONTROL NUMBER IDENTIFIER
- control field: MY-SjTCS
005 - DATE AND TIME OF LATEST TRANSACTION
- control field: 20200306165238.0
008 - FIXED-LENGTH DATA ELEMENTS
- fixed length control field: 200306|| aca||aabn | a|a d
040 ## - CATALOGING SOURCE
- Original cataloging agency: MY-SjTCS
- Transcribing agency: MY-SjTCS
100 ## - HEADING--PERSONAL NAME
- Personal name: Landman, Bruce M.,
- Dates associated with a name: 1951-
670 ## - SOURCE DATA FOUND
- Source citation: Work cat.: (MY-SjTCS)53937: Integers Conference 2007 (2007 : Carrollton, Ga.) 262468, Combinatorial number theory revisited, c2009.